00701nam a2200181 i 450000100060000000300090000600500170001500700030003200800410003510000490007624501400012526000760026530000220034149000360036371000520039983000360045185200320048799766ES-MaACL20250811070528.0t|050915s1980 sp ||||1| spa d1 aMartínez de la Escalera Llorca, J. Carlos.13aLa política de desarrollo regional y la integración europea b: el caso canario / cpor J. Carlos Martínez de la Escalera Llorca. aSanta Cruz de Tenerife : bMinisterio de Industria y Energía, c1980. a134 p. ; c21 cm.1 aCuadernos de economía canaria1 aEspaña. bMinisterio de Industria y Energía0 aCuadernos de economía canaria aES-MaACLjL-1006 bR.101649